Čo je nová obilnina TRITICALE

Bibliographic Details
Main Author: Gromová, Zdena (Author)
Format: Article
Language:Slovak
Subjects:

MARC

LEADER 00000nab a2200000Ia 4500
001 vtls010822459
003 SK-MaSNL
005 20260304233947.0
008 230121|1976 xo |||||||||||||||||slo|
035 |a (urnnbn)urn:nbn:sk:snk:ar-a061mz 
035 |a urn:nbn:sk:snk-ab5pfr 
035 |a (uuid)7258b4ed-e676-445a-ab0c-e143348dbcc7 
040 |a SNKBUCL  |b slo  |c SNKBUCL  |e AACR2 
041 0 |a slo 
044 |a xo  |c SK 
080 |a 633.1  |2 2001 
100 1 |a Gromová, Zdena  |4 aut  |9 653466 
245 1 0 |a Čo je nová obilnina TRITICALE  |c Zdena Gromová 
650 0 7 |a obilniny  |2 SNKPH  |9 19007 
650 0 7 |a hybridy  |2 SNKPH  |9 75116 
650 0 7 |a pšenica  |2 SNKPH  |9 21833 
650 0 7 |a raž  |2 SNKPH  |9 20044 
650 0 7 |a tritikale  |2 SNKPH  |9 17320 
773 0 |t Výživa a zdravie : časopis pre výživu a zdravý životný štýl  |g Roč. 21, č. 3 (1976), s. 63 
954 |a odborná, vedecká literatúra pôvodná (slovenská)  |2 lita 
958 |a OND 
958 |a EUIPO 
958 |a article5 
999 |c 3201218  |d 3203148